000 00701nam a2200193 a 4500
005 20140412111309.0
008 030314s19uu xx 00 eng d
020 _a0-06-446701-5
050 _aTR(GS 513.2'6
_bM87 1996
100 _aMurphy, Stuart J.
245 _aGive me half! /
_cby Stuart J. Murphy ; illustrated by G. Brian Karas.
260 _aNew York :
_bHarperCollins,
_c1996.
300 _a34 p. ; ill.
440 _aMath Start, Level 2
520 _aIntroduces the concept of halves using a simple rhyming story about a brother and sister who do not want to share their food.
650 _aFractions--Juvenile literature
650 _aDivision--Juvenile literature
999 _c103865
_d103865